000 00522nam a22001817a 4500
999 _c172071
_d172071
005 20200127125539.0
010 _aENG-127561
020 _c200.00
_a8175050764
035 _aEN-111093
037 _bDBAD/PUB
082 _a181.482
245 _aSelections from the complete works of Swami Vivekanda/
260 _aUttarakhand
_bAdvaita Ashrama
_c2017
270 _aMayavati,Champawat
_bUttarakhand
_e262524
300 _a570p
_c22cm(hb)
500 _aIncludes index
942 _2ddc
_cEN
_mSEL
_h181.482